000 00758nam a22002057a 4500
999 _c3257
_d3257
003 AR-CdUCM
008 190306b ||||| |||| 00| 0 spa d
040 _aMUNICIPALIDAD PROVINCIAL DEL CUSCO
_cBIBLIOTECA MUNICIPAL DEL CUSCO
082 _a322.42 /
_bC74
100 _aContreras Ivarcena, Eduardo
_910872
245 _aLa violencia política en Apurimac :
_bSu impacto social y económico /
260 _aCusco :
_bCBC,
_c1991.
300 _a99 páginas ;
_c24 cm.
440 _aTrabajos del colegio andino
_n4
_910873
505 _aContexto general del estudio: apurimac -- La violencia en apurimac -- Analisis de resultados...
650 _aViolencia en Apurimac.
_910874
650 _aApurimac.
_91025
942 _2ddc
_cLIBROS
945 _awfj
_d2019-03-06